[Event "Julian Mazur Memorial"]
[Site "Wellington Chess Club"]
[Date "2018.08.02"]
[Round "3.2"]
[White "Winter, Ryan"]
[Black "Croad, Nicolas"]
[Result "0-1"]
[WhiteElo "2129"]
[BlackElo "2431"]

1. e4 c5 2. Nc3 Nc6 3. Nf3 Nf6 4. d4 cxd4 5. Nxd4 d6 6. Be2 g6 7. Be3 Bg7 8.
Qd2 O-O 9. O-O-O Bd7 10. f3 Rb8 11. Kb1 a6 12. g4 b5 13. h4 Ne5 14. Bh6 Nc4 15.
Qc1 Qa5 16. Bxg7 Kxg7 17. h5 Rh8 18. Nd5 Nxd5 19. exd5 f6 20. Bxc4 bxc4 21. Qe3
Kf7 22. Rde1 Rbe8 23. hxg6+ Kxg6 24. Qh6+ Kf7 25. Qh5+ Kf8 26. Qh6+ Kf7 27.
Qh5+ Kf8 28. Nf5 Qd2 29. Rd1 Qg5 30. Qxg5 fxg5 31. Ng3 Kg7 32. Ne4 h6 33. Rd4
Rhf8 34. Nd2 Rc8 35. Re1 Rf7 36. c3 Bb5 37. Rde4 Rc5 38. Rd4 Kf8 39. Re6 Kg7
40. Kc2 a5 41. Kd1 Ba6 42. Kc2 Bb7 43. Rde4 Bxd5 44. Rxe7 Bxe4+ 45. Rxe4 d5 46.
Re6 Rb5 47. Ra6 Rfb7 48. b3 Rc5 49. a3 Rf7 50. b4 axb4 51. axb4 Rb5 52. Rd6 Ra7
53. Nf1 Ra2+ 54. Kd1 Rf2 55. Ng3 Rxf3 56. Nf5+ Rxf5 57. gxf5 Rb7 58. Rxd5 Rf7
59. Ke2 g4 60. Rd4 h5 61. Rxc4 Rxf5 62. Rc6 g3 63. Ra6 h4 64. b5 g2 65. Ra1
Rxb5 66. Kf3 Rg5 67. Rg1 h3 68. Kf2 Kf6 0-1

[Event "Julian Mazur Memorial"]
[Site "Wellington Chess Club"]
[Date "2018.08.02"]
[Round "3.3"]
[White "Nijman, Brian"]
[Black "Jackson, Ross"]
[Result "1-0"]
[WhiteElo "2162"]
[BlackElo "1945"]

1. d4 d5 2. Bg5 Bf5 3. e3 Nc6 4. c4 Nf6 5. Bxf6 exf6 6. Nc3 Bb4 7. Bd3 Bxd3 8.
Qxd3 O-O 9. Ne2 dxc4 10. Qxc4 Re8 11. O-O Bd6 12. Nb5 Qe7 13. Nxd6 Qxd6 14.
Rfc1 Re7 15. Rc3 Rd8 16. Qb5 Rb8 17. Rac1 a6 18. Qa4 Nb4 19. Rb3 Nd5 20. Nc3
Nb6 21. Qb4 Nc8 22. Qc4 b5 23. Qf1 c6 24. Ne2 a5 25. Rbc3 Na7 26. Nf4 g5 27.
Nd3 Rb6 28. Qd1 Qe6 29. Qf3 Kg7 30. a3 Qe4 31. Nc5 Qxf3 32. gxf3 f5 33. Nd3 f6
34. Rc5 Kg6 35. Kg2 Re6 36. f4 h6 37. h4 g4 38. Rh1 h5 39. Nc1 Nc8 40. Ne2 Ne7
41. Nc3 Rd6 42. Rd1 b4 43. Na4 Ra6 44. Rdc1 Nd5 45. R5c2 Ne7 46. Nc5 Rb6 47.
axb4 Rxb4 48. Ra1 Rb5 49. b3 Rd8 50. Rca2 Ra8 51. Ra3 Nd5 52. Rc1 Ne7 53. Nd3
Ra7 54. Nc5 Ra8 55. Kf1 Ra7 56. Ke2 Ra8 57. Kd2 Nd5 58. Kc2 Nb4+ 59. Kb1 Nd5
60. Kb2 Nb4 61. Rca1 Nd5 62. Nd3 Rab8 63. Nc5 Ra8 64. Kc2 Nb4+ 65. Kd2 Nd5 66.
Rc1 Ne7 67. Rc4 Nd5 68. Nd3 Ne7 69. b4 Ra6 70. Nc5 Ra8 71. Nb3 Rab8 72. Nxa5
Rxb4 73. Rac3 Rb2+ 74. Rc2 R8b6 75. Rxb2 Rxb2+ 76. Rc2 Rxc2+ 77. Kxc2 Kf7 78.
Kb3 Ke6 79. Kc4 Kd6 80. Nb7+ Kc7 81. Nc5 Nd5 82. Ne6+ Kd6 83. Ng7 Ne7 84. Nxh5
Ke6 1-0

[Event "Julian Mazur Memorial"]
[Site "Wellington Chess Club"]
[Date "2018.08.02"]
[Round "3.4"]
[White "Benitez, Edgar"]
[Black "Ker, Anthony"]
[Result "0-1"]
[WhiteElo "2006"]
[BlackElo "2485"]

1. d4 Nf6 2. c4 e6 3. Nf3 Bb4+ 4. Bd2 Qe7 5. Nc3 Bxc3 6. Bxc3 Ne4 7. Qc2 Nxc3
8. Qxc3 O-O 9. e3 d6 10. Be2 Nd7 11. O-O e5 12. dxe5 dxe5 13. b4 b6 14. Rfd1
Bb7 15. Rd2 Nf6 16. Qxe5 Qxb4 17. Rb2 Qd6 18. Qxd6 cxd6 19. Rd1 Rfd8 20. Nd4
Rd7 21. f3 d5 22. cxd5 Nxd5 23. Kf2 Nc3 24. Rc1 Rc8 25. Rbc2 Rdc7 26. e4 Rc5
27. Bd3 Nxa2 28. Rxc5 bxc5 29. Rb1 Bxe4 30. Bxe4 cxd4 31. Rb7 Nc3 32. Rxa7
Nxe4+ 33. fxe4 Rc2+ 34. Kf3 g6 35. Rd7 Rd2 36. h3 Kf8 37. g3 Ke8 38. Rd5 Ke7
39. g4 Rd3+ 40. Kg2 Ke6 41. g5 f5 42. gxf6 Kxf6 43. h4 h5 44. Kh2 Rd1 45. Kg2
d3 46. Rd6+ Ke5 47. Rxg6 d2 0-1

[Event "Julian Mazur Memorial"]
[Site "Wellington Chess Club"]
[Date "2018.08.02"]
[Round "3.5"]
[White "Timergazi, Layla"]
[Black "Sellen, Ian"]
[Result "1/2-1/2"]
[WhiteElo "2157"]
[BlackElo "2041"]

1. d4 d5 2. c4 e6 3. Nc3 Nf6 4. Nf3 Be7 5. e3 O-O 6. Bd3 c5 7. b3 Nc6 8. O-O b6
9. Bb2 Bb7 10. a3 Rc8 11. Rc1 a6 12. cxd5 Nxd5 13. Nxd5 Qxd5 14. Bc4 Qh5 15.
dxc5 bxc5 16. Qc2 Rfd8 17. Rfd1 Rb8 18. Be2 Qg6 19. Bd3 Qh5 20. Be2 Qg6 21. Bd3
Qh5 {Draw agreed} 1/2-1/2

[Event "Julian Mazur Memorial"]
[Site "Wellington Chess Club"]
[Date "2018.08.02"]
[Round "3.6"]
[White "Day, Fabian"]
[Black "Stone, Andrew"]
[Result "0-1"]
[WhiteElo "1899"]
[BlackElo "2087"]

1. e4 c5 2. Nf3 Nc6 3. d4 cxd4 4. Nxd4 Nf6 5. Nc3 e5 6. Ndb5 d6 7. Bg5 a6 8.
Na3 b5 9. Nd5 Be7 10. Bxf6 gxf6 (10... Bxf6) 11. c4 b4 12. Nc2 f5 13. exf5 Bxf5
14. Nce3 Be6 15. Nxe7 Qxe7 16. Nd5 Bxd5 17. Qxd5 Rc8 18. Bd3 (18. c5 dxc5 19.
Bxa6) 18... Nd4 19. O-O O-O 20. Qa5 Kh8 21. Qxb4 Rg8 22. f4 (22. Be4 f5 23. Bd5
) 22... Rb8 23. Qc3 Qb7 (23... Rxg2+ 24. Kxg2 Rg8+ 25. Kf2 Qh4+ 26. Ke3 Qxh2
27. fxe5 dxe5 28. Rxf7 Qh6+ 29. Kf2 Qh4+ 30. Ke3 Qg5+ 31. Kf2 (31. Ke4 Qg6+)
31... Qg3+ 32. Kf1 Qg1#) 24. Rf2 Rg7 25. Re1 (25. fxe5 dxe5 26. Bf1) 25... Nf3+
26. Rxf3 Qxf3 27. Be4 Rxg2+ 28. Kh1 Qxc3 (28... Rg1+ 29. Kxg1 Rg8+ 30. Bg6
Rxg6#) 29. bxc3 Rxa2 30. fxe5 dxe5 31. c5 Ra5 32. c6 Rc5 33. Re3 a5 34. Rh3 a4
35. Bxh7 a3 36. Bb1+ Kg8 37. Ba2 Rb2 38. c7 Rxc7 39. Bxf7+ Rxf7 0-1

[Event "Julian Mazur Memorial"]
[Site "Wellington Chess Club"]
[Date "2018.08.02"]
[Round "3.8"]
[White "Nyberg, Michael"]
[Black "Rabina, Romeo"]
[Result "1-0"]
[WhiteElo "2114"]
[BlackElo "1695"]

1. d4 d5 2. c4 dxc4 3. Nc3 e6 4. Nf3 Nf6 5. e3 Be7 6. Bxc4 c6 7. a4 Nbd7 8. O-O
Qc7 9. Re1 O-O 10. e4 e5 11. Bf1 exd4 12. Nxd4 Bd6 13. g3 Bb4 14. Bf4 Bd6 15.
Ndb5 1-0

[Event "Julian Mazur Memorial"]
[Site "Wellington Chess Club"]
[Date "2018.08.02"]
[Round "3.9"]
[White "Winfield, Alan"]
[Black "Hall, Nathan"]
[Result "0-1"]
[WhiteElo "1957"]
[BlackElo "1863"]

1. d4 Nf6 2. Bf4 g6 3. Nc3 Bg7 4. e4 d6 5. Qd2 O-O 6. O-O-O b5 7. e5 dxe5 8.
dxe5 Qxd2+ 9. Bxd2 Ng4 10. Nh3 a6 11. f4 Bb7 12. Re1 c5 13. Ne4 Nd7 14. Nhg5 h6
15. h3 Ngxe5 16. fxe5 hxg5 17. Bxg5 Bxe4 18. Rxe4 Bxe5 19. Bh6 Rfe8 20. g4 Bg7
21. Be3 Nf6 22. Rf4 Nd5 23. Bg2 Nxe3 24. Bxa8 Rxa8 25. Re4 Bh6 26. Kb1 e6 27.
h4 Nc4 28. Rd1 Nd2+ 0-1

[Event "Julian Mazur Memorial"]
[Site "Wellington Chess Club"]
[Date "2018.08.02"]
[Round "3.10"]
[White "Ashe, Michael"]
[Black "Aldridge, Alan"]
[Result "0-1"]
[WhiteElo "1623"]
[BlackElo "1892"]

1. d4 Nf6 2. c4 e6 3. Nc3 Bb4 4. e3 O-O 5. Ne2 d5 6. a3 Be7 7. cxd5 exd5 8. Nf4
c6 9. Bd3 Nbd7 10. O-O Re8 11. Bd2 Nf8 12. b4 Ne6 13. Nxe6 Bxe6 14. Qc2 h6 15.
Na4 Bd6 16. h3 Qd7 17. Rfb1 Ne4 18. Bxe4 dxe4 19. Nc5 Bxc5 20. bxc5 Bxh3 21.
gxh3 Qxh3 22. f4 exf3 23. Kf2 Qg2+ 24. Ke1 Qe2# 0-1

[Event "Julian Mazur Memorial"]
[Site "Wellington Chess Club"]
[Date "2018.08.02"]
[Round "3.11"]
[White "Brockway, Andrew"]
[Black "Darr, Samuel"]
[Result "1/2-1/2"]
[WhiteElo "1867"]
[BlackElo "1481"]

1. e4 e6 2. d4 d5 3. Nd2 Nc6 4. exd5 exd5 5. Ngf3 Bg4 6. Qe2+ Qe7 7. Qxe7+ Bxe7
8. c3 O-O-O 9. Bd3 Re8 10. O-O Nf6 11. Ne5 Nxe5 12. dxe5 Nd7 13. f4 g5 14. h3
Be6 15. f5 Nxe5 16. fxe6 Nxd3 17. exf7 Ref8 18. Nb3 h6 19. Rf3 Nc5 20. Be3 Ne4
21. Rd1 Nf6 22. Bd4 Rxf7 23. Bxf6 (23. Rdf1 Rhf8 24. Nc5 c6 25. Ne6 Re8 26.
Bxf6 Bd6 27. Nd4) 23... Rxf6 24. Rxf6 Bxf6 25. Rxd5 Re8 26. Kf1 Rf8 27. Rf5 Be7
28. Nd4 Kd7 29. g4 c5 30. Rxf8 Bxf8 31. Nf5 Ke6 32. Ke2 Ke5 33. Kf3 b5 34. b3
a5 35. a4 b4 (35... c4 36. b4 Bxb4 37. axb5 Bxc3 38. b6 Kd5 39. Ne7+) 36. c4
Kf6 37. Ke4 Ke6 38. Ne3 Bd6 39. Nd5 Be5 40. Ne3 Bd6 41. Nc2 Be5 42. Ne1 Bg3 43.
Ng2 Be5 44. Ne3 Bd6 45. Nd5 Be5 46. Nb6 Bc7 47. Nd5 Bd6 1/2-1/2

[Event "Julian Mazur Memorial"]
[Site "Wellington Chess Club"]
[Date "2018.08.02"]
[Round "3.12"]
[White "Frater, Dylan"]
[Black "Wevers, Alexis"]
[Result "0-1"]
[WhiteElo "1509"]
[BlackElo "1795"]

1. d4 Nf6 2. c4 e6 3. Nc3 Bb4 4. Bd2 c5 5. dxc5 a5 6. a4 Na6 7. Nf3 Nxc5 8. e3
O-O 9. Be2 b6 10. O-O Ba6 11. Rc1 Rc8 12. Na2 Bxd2 13. Nxd2 Qe7 14. b4 axb4 15.
Nxb4 Bb7 16. Rb1 Nfe4 17. Nxe4 Bxe4 18. Rb2 Qg5 19. g3 h5 20. Bxh5 Nxa4 21. Rd2
Nc3 22. Qb3 Qxh5 23. f4 Ne2+ 0-1

[Event "Julian Mazur Memorial"]
[Site "Wellington Chess Club"]
[Date "2018.08.02"]
[Round "3.13"]
[White "He, Paul"]
[Black "Sole, Michael"]
[Result "1/2-1/2"]
[WhiteElo "1507"]
[BlackElo "1772"]

1. e4 c5 2. Nf3 e6 3. d4 cxd4 4. Nxd4 a6 5. c4 Nf6 6. Nc3 d6 7. Be2 Be7 8. Be3
Qc7 9. Nb3 Nbd7 10. O-O O-O 11. Rc1 b6 12. f3 Bb7 13. Qd2 Rac8 14. Na4 Bc6 15.
Nc3 Qb7 16. Rfd1 Rfd8 17. Qe1 Ne5 18. Qf2 Rb8 19. Bf4 Nfd7 20. Nd4 Rbc8 21. Qf1
Qb8 22. b3 Bb7 23. Na4 Nc6 24. Nxc6 Bxc6 25. c5 e5 26. Bxa6 exf4 27. Bxc8 Rxc8
28. cxd6 Bxd6 29. Qd3 Bc5+ 30. Nxc5 Nxc5 {Draw agreed} 1/2-1/2

[Event "Julian Mazur Memorial"]
[Site "Wellington Chess Club"]
[Date "2018.08.02"]
[Round "3.14"]
[White "He, Caleb"]
[Black "Zhao, Aiden"]
[Result "1-0"]
[WhiteElo "1823"]
[BlackElo "1236"]

1. e4 e5 2. Nf3 Nc6 3. Bb5 a6 4. Ba4 Nf6 5. O-O Nxe4 6. Re1 Nc5 7. Bxc6 dxc6 8.
Nxe5 Be7 9. Qe2 O-O 10. Nxc6 Bd6 11. Nxd8 Rxd8 12. f4 h6 13. d4 Ne6 14. c3 Bd7
15. f5 Nf4 16. Bxf4 Bxf4 17. Nd2 Bxd2 18. Qxd2 Bxf5 19. Re7 Rac8 20. Rae1 Bd7
21. Qc2 Re8 22. Rxe8+ Bxe8 23. Qe4 Kf8 24. Qe7+ Kg8 25. Qxe8+ Rxe8 26. Rxe8+
Kh7 27. Re7 Kg6 28. Rxc7 b5 29. Rc6+ Kf5 30. Rxa6 1-0

[Event "Julian Mazur Memorial"]
[Site "Wellington Chess Club"]
[Date "2018.08.02"]
[Round "3.17"]
[White "Stracy, Don"]
[Black "Alcorn, Simeon"]
[Result "1-0"]
[WhiteElo "1649"]
[BlackElo "1466"]

1. e4 e6 2. d4 d5 3. Nd2 c5 4. exd5 exd5 5. Ngf3 Nf6 6. Bb5+ Bd7 7. Bxd7+ Qxd7
8. O-O Nc6 9. Re1+ Be7 10. dxc5 O-O 11. Nb3 Ng4 12. h3 Nf6 13. Be3 Rad8 14. c3
a5 15. a4 Ne4 16. Qc2 Rfe8 17. Rad1 Qc7 18. Nfd2 Ne5 19. Nxe4 dxe4 20. Qxe4 Nd7
21. Bf4 Qc6 22. Qxc6 bxc6 23. Nxa5 Nf6 24. Rxd8 Bxd8 25. Rxe8+ Nxe8 26. Nxc6
Bf6 27. Be5 Bg5 28. Kf1 Bc1 29. b4 Nf6 30. Bxf6 gxf6 31. Ke2 Kf8 32. a5 1-0

[Event "Julian Mazur Memorial"]
[Site "Wellington Chess Club"]
[Date "2018.08.02"]
[Round "3.18"]
[White "Stannard, Lars"]
[Black "Asher, Bruce"]
[Result "1-0"]
[WhiteElo "1409"]
[BlackElo "1256"]

1. e4 e6 2. d4 d5 3. e5 Nc6 4. Nf3 f6 5. Bb5 Bd7 6. Bxc6 Bxc6 7. O-O fxe5 8.
Nxe5 Nf6 9. Nc3 Qd6 10. Bf4 Qb4 11. Rb1 Be7 12. Nxc6 bxc6 13. Bxc7 O-O 14. Qe2
Rac8 15. Qxe6+ Kh8 16. Be5 Ne4 17. Qg4 Bg5 18. Nxe4 h6 19. Nxg5 Rce8 20. Nf3
Re7 21. Qg3 Rff7 22. Bd6 Qa5 23. Bxe7 Rxe7 24. a3 Qa4 25. c3 Qa6 26. Rfe1 Qd3
27. Qb8+ Kh7 28. Ne5 Qd2 29. Qf8 Qg5 30. h3 Re6 31. Nf3 Qg6 32. Rxe6 Qxe6 33.
Re1 Qg6 34. Re8 Qb1+ 35. Kh2 Qc1 36. Qh8+ Kg6 37. Ne5+ Kh5 38. Qxg7 Qf4+ 39.
Qg3 Qf5 40. Qf3+ 1-0

[Event "Julian Mazur Memorial"]
[Site "Wellington Chess Club"]
[Date "2018.08.09"]
[Round "4.1"]
[White "Croad, Nicolas"]
[Black "Dive, Russell"]
[Result "1-0"]
[WhiteElo "2431"]
[BlackElo "2425"]

1. e4 e5 2. Nf3 Nf6 3. Nxe5 d6 4. Nf3 Nxe4 5. d4 d5 6. Bd3 Be7 7. O-O Nc6 8. c4
Nb4 9. Be2 dxc4 {This is a less common but reasonable move here, though I think
White gets a small edge after it.}  ( { The main line, seen in many many games
begins with} 9... O-O {here.} ) 10. Bxc4 O-O 11. Nc3 Nd6 12. Bb3 Bf5 ( {During
the game I was a bit more interested in} 12... Bg4 {with some pressure against
the d4 pawn.} 13. h3 Bxf3 14. Qxf3 Nc6 15. Be3 $14) 13. Ne5 c6 14. a3 Na6 15.
Qh5 {Threatening Nxf7 and Qxf5.} 15... g6 (15... Bg6 $2 16. Nxg6 hxg6 17. Qxg6
$16) 16. Qe2 {Threatening Nxc6 and Qxa6.} 16... Nc7 17. Re1 {Threatening Nxc6
again.} 17... Bf6 (17... Be6 $2 18. Bxe6 Nxe6 19. Nxf7 Nxd4 20. Nh6+ Kh8 21.
Qxe7 $18) 18. Bh6 Re8 19. Qd2 Be6 20. Bxe6 {The game is becoming very sharp. If
I don't generate any threats on the kingside in the next few moves then my weak
pawn on d4 will collapse for nothing so it was already time to consider all the
sharpest variations.}  ( {The alternative} 20. Bc2 {seemed to concede some
initiative.} ) 20... Nxe6 21. Rad1 Nf5 22. d5 $1 Ned4 $6 ( { After the game we
decided that Black could carefully liquidate following} 22... Nc7 {Probably the
strongest is} 23. Ng4 ( {We discovered that} 23. Bf4 cxd5 24. Nxd5 Nxd5 25.
Qxd5 Qxd5 26. Rxd5 Rad8 {was still difficult for White, but it appears
objectively White is still only worse rather than objectively losing.} 27. Red1
Rxd5 28. Rxd5 g5 29. Nd3 Ne7 30. Rd6 Kg7 31. Bg3 Nc8 32. Rd7 Bxb2 33. a4 b6 34.
Kf1 $15) 23... Rxe1+ 24. Rxe1 Nxh6 25. Nxh6+ Kg7 26. Ng4 cxd5 27. g3 $11 {and
this seems to end up close to equality after White captures on f6 and d5. But
to get here White needs to notice that after solving his back rank problems
Black can't keep his extra pawn.} ) 23. Ng4 Rxe1+ 24. Rxe1 Bg7 { Russell used
considerable time here and went well under the 5 minute mark (with a 30 second
increment for each move) while I had about 20 minutes left. I think he was
looking around for a conclusive defence which he believed ought to be available
but in fact was not.}  ( {Russell's biggest problem here is that he had gone
into this without noticing the tactics like} 24... Nxh6 25. Re8+ $1 Qxe8 26.
Nxf6+ Kg7 27. Nxe8+ Rxe8 28. Qxd4+ $18) 25. Bg5 f6 $2 { This miss costs a pawn
and leaves the kingside very weak.}  (25... Qb6 26. Nf6+ Bxf6 27. Bxf6 $14
{When White is better, but Black can still defend.} ) 26. Bxf6 Qb6 (26... Bxf6
27. Re8+ Qxe8 (27... Kf7 28. Rxd8 Rxd8 29. Nxf6 Kxf6 30. Qd3 $16) 28. Nxf6+ Kf7
29. Nxe8 Rxe8 30. h3 $16) 27. Bxg7 Kxg7 28. Ne3 $6 { With hindsight this was
not useful.}  ( {Better would have been} 28. b4 { maybe going Na4-c5 after
which White should find a winning tactic.} ) 28... Rd8 29. h3 cxd5 30. b4 Qc6
31. Qb2 Kg8 32. Ng4 Rc8 $2 33. Nxd5 $1 h5 34. Nh6+ ( { The difficult to find}
34. Ne7+ $1 Nxe7 35. Nh6+ $1 Kf8 (35... Kg7 36. Qxd4+ Kxh6 37. Rxe7 $18) 36.
Qxd4 Qc3 $1 37. Qf4+ Nf5 38. Re3 Qd4 39. Re4 $18 { was completely curtains.} )
34... Kh7 (34... Nxh6 35. Ne7+ $18 {wins the queen.} ) 35. Nxf5 Nxf5 36. Nf6+
Kh6 37. Qd2+ Kg7 ( {Hoping for} 37... g5 $6 38. Ne4 Rg8 $18 {and the kingside
is awkward to defend.} ) 38. Ne4 Re8 39. Qb2+ Kh6 40. Qd2+ Kg7 41. Ng5 Rxe1+ (
{ There are still some awkward moves for Black to deliver here} 41... Nh4 42.
f3 $16 {appears to be the only reply.} ) 42. Qxe1 Qf6 ( { During the game I
noticed the trick} 42... Nd4 $4 43. Qe5+ Qf6 44. Qxd4 $18) 43. Nf3 Nh4 {I had
some kind of time pressure advantage over Russell, but still exchanging knights
just makes winning relatively simple now.} 44. Nxh4 Qxh4 45. Qe5+ Kh6 $4 46.
Qh8+ {and Russell resigned due to} 46... Kg5 47. Qd8+ { winning the queen.} 1-0

[Event "Julian Mazur Memorial"]
[Site "Wellington Chess Club"]
[Date "2018.08.09"]
[Round "4.2"]
[White "Ker, Anthony"]
[Black "Nijman, Brian"]
[Result "1/2-1/2"]
[WhiteElo "2485"]
[BlackElo "2162"]

1. e4 c5 2. c3 e6 3. d4 d5 4. Nd2 Nf6 5. Bd3 cxd4 6. cxd4 dxe4 7. Nxe4 Bb4+ 8.
Nc3 O-O 9. Nf3 b6 10. O-O Bb7 11. Bg5 Nbd7 12. Rc1 Be7 13. Bb1 Nd5 14. Qd3 g6
15. Bh6 Re8 16. Rfe1 Bf6 17. Ne4 Nb4 18. Qd2 Bxe4 19. Bxe4 Nd5 20. h4 Rc8 21.
h5 Bg7 22. hxg6 hxg6 23. Bxd5 exd5 24. g3 Qf6 25. Kg2 Nf8 26. Rxe8 Rxe8 27. Ne5
Ne6 28. Bxg7 Kxg7 29. Rh1 Rh8 30. Rxh8 Kxh8 31. Qc3 Kg7 32. Qc6 Nxd4 33. Qxd5
Ne6 34. b4 Qg5 35. Qe4 a6 36. a4 Qh5 37. Nd7 b5 38. a5 Qd1 39. Qe5+ Kg8 40. Nb8
Qd8 41. Kh2 Ng5 42. Qe3 Qd5 43. Nxa6 Nf3+ 44. Kh3 Ne5 45. f3 $4 (45. g4 Qh1+
46. Kg3 Qg1+ 47. Kf4 f6 48. Qe2 Qc1+ 49. Kg3 Qg1+ $10) 45... Nxf3 $4 (45... Ng4
$3 $19 46. Qe7 Qxf3 47. Qd8+ Kh7 48. Qh4+ Kg7 49. Qxg4 Qh1#) 46. Nc7 Qd1 47.
Kg2 Nd4 48. a6 Qc2+ 49. Kf1 Nf5 (49... Qb1+ 50. Kg2 Qc2+ $10) 50. Qe8+ Kg7 51.
Qe5+ Kg8 52. Nd5 Qb1+ 53. Kg2 Qa2+ 54. Kh3 Qxa6 55. Nf6+ Kg7 56. Nd5+ Kg8 57.
Nf6+ Kg7 58. Nd5+ $10 1/2-1/2

[Event "Julian Mazur Memorial"]
[Site "Wellington Chess Club"]
[Date "2018.08.09"]
[Round "4.4"]
[White "Stone, Andrew"]
[Black "Timergazi, Layla"]
[Result "1/2-1/2"]
[WhiteElo "2087"]
[BlackElo "2157"]

1. e4 c6 2. d4 d5 3. Nc3 dxe4 4. Nxe4 Bf5 5. Ng3 Bg6 6. Nh3 Nf6 7. Bc4 e6 8.
O-O Bd6 9. f4 O-O 10. f5 exf5 11. Nxf5 Bc7 12. Bg5 Nbd7 13. c3 Re8 14. Qf3 Qb8
15. Bxf6 Bxh2+ 16. Kh1 Nxf6 17. Ng5 Nd5 18. Bxd5 cxd5 19. Qxd5 Bf4 20. Nh3 Bc7
21. Rae1 Rxe1 22. Rxe1 Bxf5 23. Qxf5 Qf8 24. Ng5 g6 25. Qh3 h5 26. Qd7 Bf4 27.
Ne4 Qd8 28. Qxd8+ Rxd8 29. Nc5 b6 30. Nd3 Bd6 31. Ne5 Bxe5 32. Rxe5 Kf8 33. a4
Re8 34. Rxe8+ Kxe8 35. Kh2 f5 36. Kg3 g5 37. c4 a5 38. b3 Kd7 39. Kf3 1/2-1/2

[Event "Julian Mazur Memorial"]
[Site "Wellington Chess Club"]
[Date "2018.08.09"]
[Round "4.5"]
[White "Jackson, Ross"]
[Black "Nyberg, Michael"]
[Result "1/2-1/2"]
[WhiteElo "1945"]
[BlackElo "2114"]

1. d4 Nf6 2. c4 g6 3. Nc3 d5 4. cxd5 Nxd5 5. e4 Nxc3 6. bxc3 Bg7 7. Bc4 c5 8.
Ne2 Nc6 9. Be3 Qa5 10. O-O cxd4 11. cxd4 O-O 12. Qb3 Qd8 13. Qd1 b6 14. Bd5 Bb7
15. Rc1 Rc8 16. Qa4 Qd7 17. Rfd1 Rfd8 18. Qa3 e6 19. Bb3 Bf8 20. Qb2 Na5 21. f3
Bc6 22. Nc3 Nxb3 23. axb3 Bb7 24. Bg5 Re8 25. d5 Bg7 26. Qd2 exd5 27. Nxd5 Bxd5
28. Rxc8 Qxc8 29. Qxd5 h6 30. Be3 Qc3 31. Qd3 Rc8 32. Kf2 Qf6 33. Ke2 Qh4 34.
Qd6 Bf8 35. Qg3 Qe7 36. Qh3 Rc2+ 37. Rd2 Rxd2+ 38. Bxd2 Kh7 39. Qc8 Bg7 40. Qc6
Qh4 41. Qc7 Qh5 42. Qxf7 Qxh2 43. Bc3 Qxg2+ 44. Ke3 Qg1+ 45. Ke2 Qg2+ 46. Ke3
Qg5+ 47. Ke2 Qg2+ 48. Ke1 Qg1+ 49. Ke2 Qg2+ 50. Ke1 Qh1+ 51. Ke2 Qh2+ 52. Ke1
1/2-1/2

[Event "Julian Mazur Memorial"]
[Site "Wellington Chess Club"]
[Date "2018.08.09"]
[Round "4.6"]
[White "Aldridge, Alan"]
[Black "Sellen, Ian"]
[Result "0-1"]
[WhiteElo "1892"]
[BlackElo "2041"]

1. d4 d5 2. c4 e6 3. Nc3 Nf6 4. Bg5 Be7 5. e3 h6 6. Bh4 O-O 7. Nf3 b6 8. Bd3
Bb7 9. cxd5 Nxd5 10. Bxe7 Nxe7 11. O-O Nd7 12. Rc1 c5 13. Ne4 cxd4 14. exd4 Nf5
15. Bb1 Nf6 16. Re1 Nd6 17. Nc3 Rc8 18. Ne5 Nc4 19. Qc2 Nd6 20. Re3 Nf5 21. Rh3
Qxd4 22. Qe2 Ne4 23. Bxe4 Qxe4 24. Qxe4 Bxe4 25. g4 Ne7 26. Rd1 Bd5 27. f4 f6
28. Nd3 Rc4 29. Rg3 Rd8 30. g5 Nf5 31. Rh3 hxg5 32. fxg5 Rg4+ 33. Kf2 Rg2+ 34.
Kf1 Rxg5 35. Rd2 Bc4 36. Ne4 Rg4 37. Nf2 Rgd4 0-1

[Event "Julian Mazur Memorial"]
[Site "Wellington Chess Club"]
[Date "2018.08.09"]
[Round "4.7"]
[White "Forster, Bill"]
[Black "Farrington, Lawrence"]
[Result "1/2-1/2"]
[WhiteElo "2045"]
[BlackElo "1763"]

1. d4 d5 2. c4 Nc6 3. Nf3 Bg4 4. e3 e6 5. Nbd2 Nf6 6. Bd3 Bb4 7. O-O O-O 8. Qb3
Qe7 9. a3 Bxd2 10. Bxd2 Rab8 11. Ne5 Bh5 12. Qa4 Rfd8 13. Nxc6 bxc6 14. Bb4 Qd7
15. Qxa7 dxc4 16. Bxc4 Nd5 17. Qa5 Bg6 18. Rfc1 Nxb4 19. axb4 h6 20. Qc5 Qd6
21. Ra6 Qxc5 22. bxc5 Be4 23. f3 Bd5 24. b3 Ra8 25. Rca1 Rxa6 26. Rxa6 Kf8 27.
Ra7 Rc8 28. Bxd5 cxd5 29. b4 Rb8 30. Rxc7 Rxb4 31. Kf2 g5 32. c6 Rc4 33. Kg3
Kg7 34. h4 gxh4+ 35. Kxh4 e5 36. Kg4 exd4 37. exd4 Rxd4+ 38. Kf5 Rd2 39. Ke5
Rxg2 40. Ra7 Rc2 41. Kd6 d4 42. Ra3 (42. Ra5 $3) 42... h5 43. c7 h4 44. f4 (44.
Kd7 h3 45. f4 $1 h2 46. Rh3 d3 47. Rxh2 d2 48. Rh1 Rc1 49. c8=Q d1=Q+ 50. Rxd1
Rxd1+) 44... Kf6 45. Kd7 Kf5 46. c8=Q Rxc8 47. Kxc8 Kxf4 48. Kd7 Ke4 49. Kd6 f5
50. Kc5 d3 51. Kc4 d2 52. Rd3 h3 53. Rxd2 f4 54. Rh2 f3 55. Kc3 Ke3 56. Rxh3
Ke2 57. Rh8 f2 58. Re8+ Kf3 59. Rf8+ Ke2 60. Rxf2+ Kxf2 1/2-1/2

[Event "Julian Mazur Memorial"]
[Site "Wellington Chess Club"]
[Date "2018.08.09"]
[Round "4.8"]
[White "Wevers, Alexis"]
[Black "Winter, Ryan"]
[Result "0-1"]
[WhiteElo "1795"]
[BlackElo "2129"]

1. d4 d5 2. Bf4 Nf6 3. Nf3 c5 4. e3 Nc6 5. c3 Bg4 6. h3 Bh5 7. Be2 e6 8. Nbd2
Bd6 9. dxc5 Bxc5 10. Qb3 Qe7 11. O-O O-O 12. Bg5 Bb6 13. Rfe1 h6 14. Bxf6 Qxf6
15. Qb5 Bg6 16. Nb3 Rad8 17. a4 e5 18. a5 Bc7 19. Qxb7 Qd6 20. Bb5 Ne7 21. Qa6
Rb8 22. Qxd6 Bxd6 23. Ba4 Bc2 24. Nfd2 f5 25. Rec1 Bd3 26. c4 Bb4 27. Bb5 Kf7
28. Nf3 Kf6 29. Ra4 Bd6 30. Nbd2 Rfd8 31. b3 dxc4 32. bxc4 Bc7 33. a6 g5 34.
Nb3 h5 35. Na5 Bb6 36. Nc6 Nxc6 37. Bxc6 g4 38. c5 Bc7 39. hxg4 hxg4 40. Ne1
Rb2 41. Rd1 e4 42. Rd4 Rxd4 43. exd4 g3 44. fxg3 Bxg3 45. d5 Bf2+ 46. Kh2 Rb8
47. g3 Bf1 48. Ng2 Bxg2 49. Kxg2 Bxc5 50. d6 Rd8 51. d7 Bb6 52. Kf1 Bc7 53. Kg2
Rg8 54. Kf1 Bd8 55. Kg2 f4 56. Bxe4 Rxg3+ 57. Kf2 Bb6+ 58. Kf1 Ke7 59. Rd5 f3
{White lost on time} 0-1

[Event "Julian Mazur Memorial"]
[Site "Wellington Chess Club"]
[Date "2018.08.09"]
[Round "4.9"]
[White "Hall, Nathan"]
[Black "Benitez, Edgar"]
[Result "0-1"]
[WhiteElo "1863"]
[BlackElo "2006"]

1. d4 g6 2. Bf4 Bg7 3. e4 c5 4. Nc3 cxd4 5. Nd5 e5 6. Bd2 Nc6 7. f4 d6 8. Nf3
Nge7 9. Bc4 O-O 10. fxe5 dxe5 11. Bg5 Qa5+ 12. b4 Qd8 13. Qd2 Qd6 14. Nxe7+
Nxe7 15. O-O Be6 16. Bxe6 Qxe6 17. Bh6 f6 18. Bxg7 Kxg7 19. a3 Rac8 20. Rfc1
Rc3 21. Qe2 Rfc8 22. Qb5 Qc6 23. Qxc6 R8xc6 24. Kf1 Rxc2 25. Rd1 Nc8 26. Ne1
R2c3 27. Nd3 b6 28. Rac1 Nd6 29. Rxc3 Rxc3 30. Nf2 f5 31. Rd3 Rc1+ 32. Rd1
Rxd1+ 33. Nxd1 fxe4 34. Ke2 Kf6 35. g3 Kf5 36. h3 h5 37. a4 Ke6 38. Nf2 Kd5 39.
g4 d3+ 40. Kd2 Kd4 0-1